000 00878cam a22001934a 4500
005 20250605163952.0
008 250528s ||||||||||||||||||||||||d
035 _a15411
020 _a1854331388
040 _aGR-AtMCL
_bgre
_dGR-AtMCL
_eAACR2
245 1 _aEffective Teamwork / Personal and Professional Development
260 _bBps Books,
_c2000
300 _a128
520 _aThis book examines those factors which can prevent and those which can promote team effectiveness and the well-being of those who work in teams. Introduction, Do Teams Work?, Team Vision, Being Part of a Team, Aiming for Excellence in Team Work, Creative Problem-Solving, Team Support, Managing Teams, Team Building, Teams in Organizations, Appendix: The Team Climate Inventory, Bibliography, Index.
700 1 _aWest Michael A
_91332
942 _cBK
999 _c993
_d993